MARC

LEADER 00000nam0a2200000 4500
001 354256
005 20231102010655.0
035 |a (RuTPU)RU\TPU\retro\11514 
090 |a 354256 
100 |a 20200617d1972 m y0rusy50 ca 
101 0 |a rus 
102 |a RU 
105 |a a j 001zy 
200 1 |a География и геология планет (планетология)  |e курс лекций  |f Ю. А. Ходак  |g Московский государственный педагогический институт ; под ред. В. П. Бондарева 
210 |a Москва  |c [Б. и.]  |d 1972 
215 |a 133 с.  |c ил. 
320 |a Библиогр.: с. 88-90 
606 1 |a Планетология  |2 stltpush  |3 (RuTPU)RU\TPU\subj\49001  |9 67813 
610 1 |a планеты 
610 1 |a география 
610 1 |a геология 
610 1 |a лекции 
610 1 |a учебные пособия 
610 1 |a Луна 
610 1 |a Меркурий 
610 1 |a Марс 
610 1 |a Юпитер 
610 1 |a галилеевые спутники 
610 1 |a Ио 
610 1 |a Европа 
610 1 |a Ганимед 
610 1 |a Каллисто 
610 1 |a морфология 
675 |a 523.4(075.8)  |v 4 
700 1 |a Ходак  |b Ю. А. 
702 1 |a Бондарев  |b В. П.  |4 340 
712 0 2 |a Московский государственный педагогический институт  |c (1930-1990)  |2 stltpush  |3 (RuTPU)RU\TPU\col\19740  |9 27583 
801 1 |a RU  |b 63413507  |c 20200617 
801 2 |a RU  |b 63413507  |c 20201223  |g RCR 
942 |c BK